Cykloturistická mapa Krnovska, Prudnicka a Hlubčicka Mapa tras rowerowych ziemi krnowskiej, prudnickiej oraz głubczyckiej

Language: Polish
Czech
Published: Krnov : Město Krnov ve spolupráci s Městem Hlubčice a Městem Prudnik, 2014
Physical Description: 1 mapa : barev. ; 60 x 68 cm, složeno na 20 x 12 cm, v plastovém pouzdře
Language note: Místní jména a text česky a polsky
Map
Saved in:
LEADER 02094nem a2200457 a 4500
001 nkc20152684414
003 CZ PrNK
005 20150529134918.0
007 aj canzn
008 150317s2014 xr ag a 0 cze
015 |a cnb002684414 
020 |a 978-80-87826-05-8 
034 1 |a a  |b 65000  |d E0172318  |e E0180124  |f N0502311  |g N0500230 
040 |a BOA001  |b cze  |d ABA001 
041 0 |a cze  |a pol 
043 |a e-pl---  |a e-xr---  |b e-xr-mo  |2 czenas 
072 7 |a 913(4)  |x Geografie Evropy, reálie, cestování  |2 Konspekt  |9 7 
072 7 |a 912  |x Mapy. Atlasy. Glóby  |2 Konspekt  |9 7 
080 |a 796.61  |2 MRF 
080 |a 913(437.326)  |2 MRF 
080 |a 913(438)  |2 MRF 
080 |a (084.3)796.61  |2 MRF 
245 0 0 |a Cykloturistická mapa Krnovska, Prudnicka a Hlubčicka  |h [kartografický dokument] =  |b Mapa tras rowerowych ziemi krnowskiej, prudnickiej oraz głubczyckiej 
246 3 1 |a Mapa tras rowerowych ziemi krnowskiej, prudnickiej oraz głubczyckiej 
255 |a Měřítko 1:65 000  |c (017°23´18" v.d.--018°01´24" v.d./050°23´11" s.š.--050°02´30" s.š.) 
260 |a Krnov :  |b Město Krnov ve spolupráci s Městem Hlubčice a Městem Prudnik,  |c 2014 
300 |a 1 mapa :  |b barev. ;  |c 60 x 68 cm, složeno na 20 x 12 cm, v plastovém pouzdře 
500 |a Na rubu vlastivědný text s barev. fot., a QR kódy, cyklookruhy s podélnými profily cyklotras 
546 |a Místní jména a text česky a polsky 
650 0 7 |a cykloturistika  |7 ph114274  |z Česko  |2 czenas 
650 0 7 |a cykloturistika  |7 ph114274  |z Polsko  |2 czenas 
651 7 |a Krnov (Česko : oblast)  |7 ge129680  |2 czenas 
651 7 |a Prudnik (Polsko : oblast)  |7 ge354361  |2 czenas 
651 7 |a Głubczyce (Polsko : oblast)  |7 ge138886  |2 czenas 
655 7 |a cykloturistické mapy  |7 fd131996  |2 czenas 
910 2 |a BOA001  |b Mp2-1344.428 
990 |a MP 
995 |a 01 
991 |b 201504  |c NOV  |e n 
996 6 |b 2610629364  |c Mp2-1344.428  |l MZK  |r Sklad / do 1 hodiny  |n 1  |p p.v.  |w 001500354  |u 000010  |a 1  |e BOA001  |j MZK50  |s P 
996 7 |b 2610629365  |c Mp2-1344.428  |l MZK  |r Sklad / do 1 hodiny  |n 1  |p dar  |w 001500354  |u 000020  |a 1  |e BOA001  |j MZK50  |s A